Datum a čas kvízu
31
Celkem bodů
Celkový počet nahraných bodů na tomto kvízu bez doplňovacích otázek.
5.
Pořadí na kvízu
Konečné umístění týmu na tomto kvízu.
Zaznamenané odpovědi
| # | Otázka | Odpověď | Body | Výsledky |
|---|---|---|---|---|
| 1. | Podle nového návrhu zákona by... | pátek | 1 | |
| 2. | Ve věku 79 let zemřel v neděli... | Pákistán | 1 | |
| 3. | Takovou party ještě strašnické... | Petr Hošek | 1 | |
| 4. | Zhruba stovka lidí pracujících... | Wolt | 0 | |
| 5. | Ve čtvrtek měl premiéru další... | Zlatan Ibrahimović, Tomáš Ujfaluši | 0.5 | |
| 6. | Nyní se zaměříme na umělce a j... | Josef Toufar | 1 | |
| 7. | Postava francouzského malíře P... | B) šimpanz | 1 | |
| 8. | Za kontroverzní byl ve své dob... | Édouard Manet, Snídaně v trávě | 1 | |
| 9. | Slavný italský umělec Maurizio... | o banán | 1 | |
| 10. | V poslední otázce se vrátíme k... | Entropa | 1 |